Хатынская поляна (Запись № 10539974)

Подробности
000 -МАРКЕР
контрольное поле 03439ncm0a22005171 4500
001 - ИДЕНТИФИКАТОР ЗАПИСИ
контрольное поле RU\NLR\ONIZ\198083
005 - ИДЕНТИФИКАТОР ВЕРСИИ
контрольное поле 20250624194711.0
010 ## - МЕЖДУНАРОДНЫЙ СТАНДАРТНЫЙ НОМЕР КНИГИ (ISBN)
Номер (ISBN) 5-7779-0538-2
035 ## - ДРУГИЕ СИСТЕМНЫЕ НОМЕРА
Идентификатор записи RU\NLR\ONIZ\lanatalya\5000002377\20140424163942
035 ## - ДРУГИЕ СИСТЕМНЫЕ НОМЕРА
Идентификатор записи (NLR Aleph) 010888712
100 ## - ДАННЫЕ ОБЩЕЙ ОБРАБОТКИ
Данные общей обработки 20140424d2005 |||y0rusy50 ca
101 0# - ЯЗЫК РЕСУРСА
Язык текста, звукозаписи и т.д. русский
102 ## - СТРАНА ПУБЛИКАЦИИ ИЛИ ПРОИЗВОДСТВА
Страна публикации Российская Федерация
125 ## - ПОЛЕ КОДИРОВАННЫХ ДАННЫХ: ЗВУКОЗАПИСИ И НОТНЫЕ ИЗДАНИЯ
Форма изложения нотного текста zx
128 ## - ПОЛЕ КОДИРОВАННЫХ ДАННЫХ: МУЗЫКАЛЬНАЯ ФОРМА, ТОНАЛЬНОСТЬ И ЛАД
Музыкальная форма ct
145 0# - ПОЛЕ КОДИРОВАННЫХ ДАННЫХ: СРЕДСТВО ИСПОЛНЕНИЯ МУЗЫКАЛЬНОГО ПРОИЗВЕДЕНИЯ (УСТАРЕВШЕЕ)
Тип средства исполнения c
200 1# - ЗАГЛАВИЕ И СВЕДЕНИЯ ОБ ОТВЕТСТВЕННОСТИ
Основное заглавие Хатынская поляна
Общее обозначение материала Ноты
Сведения, относящиеся к заглавию 60-летию победы в Великой Отечественной войне посвящается
-- кантата для хора, солистов и симф. орк.
Первые сведения об ответственности А. В. Сирман
Последующие сведения об ответственности стихи Н. Кончаловской
-- авт. вступ. ст. В. Д. Осипова
208 ## - ОБЛАСТЬ СПЕЦИФИЧЕСКИХ СВЕДЕНИЙ: НОТНЫЕ ИЗДАНИЯ
Форма изложения нотного текста Клавир
210 ## - ПУБЛИКАЦИЯ, РАСПРОСТРАНЕНИЕ И ДР.
Место издания, распространения и т.д. Омск
Имя издателя, распространителя и т. д. ОмГУ
Дата издания, распространения и т.д. 2005
215 ## - ФИЗИЧЕСКАЯ ХАРАКТЕРИСТИКА
Специфическое обозначение материала и объем 48 с.
Другие сведения о физической характеристике ил.
Размеры 30 см
300 ## - ОБЩИЕ ПРИМЕЧАНИЯ
Текст примечания На с. 5-6: лит. текст
313 ## - ПРИМЕЧАНИЯ, ОТНОСЯЩИЕСЯ К ТЕМАТИЧЕСКОМУ ДОСТУПУ
Текст примечания Систематизация документа проведена по изданию - Методика классифицирования музыкальных произведений (нотных изданий) по таблицам Библиотечно-библиографических классификаций : метод. рекомендации / Гос. б-ка СССР им. В.И. Ленина.- М., 1977. Индексу ББК методических рекомендаций присваивается код ББК для научных библиотек - LBC/SL
327 1# - ПРИМЕЧАНИЯ О СОДЕРЖАНИИ
Текст примечания 1. Набат : "Люди, внимайте!..." ;
-- 2. Хатынь : "Хатынь, где твои хаты?..." ;
-- 3. Вечная память : "На ветру шелестят три берёзки счастливо..." ;
-- 4. Четыре колодца
464 #0 - АНАЛИТИЧЕСКИЙ УРОВЕНЬ
Встроенное поле 2001#$aВечная память$e"На ветру шелестят три берёзки счастливо..."
-- 215##$aС.33-37
Заглавие Вечная память
464 #0 - АНАЛИТИЧЕСКИЙ УРОВЕНЬ
Встроенное поле 2001#$aНабат$e"Люди, внимайте!..."
-- 215##$aС.7-17
Заглавие Набат
464 #0 - АНАЛИТИЧЕСКИЙ УРОВЕНЬ
Встроенное поле 2001#$aХатынь$e"Хатынь, где твои хаты?..."
-- 215##$aС.18-32
Заглавие Хатынь
464 #0 - АНАЛИТИЧЕСКИЙ УРОВЕНЬ
Встроенное поле 2001#$aЧетыре колодца
-- 215##$aС.38-48
Заглавие Четыре колодца
606 1# - НАИМЕНОВАНИЕ ТЕМЫ КАК ПРЕДМЕТ
Наименование темы Хатынь, деревня (Белоруссия)
Тематический подзаголовок Музыкальные интерпретации
Формальный подзаголовок Ноты
Код системы nlr_sh
606 1# - НАИМЕНОВАНИЕ ТЕМЫ КАК ПРЕДМЕТ
Наименование темы Великая Отечественная война (1941-1945) в музыке
Географический подзаголовок СССР
Формальный подзаголовок Ноты
Код системы nlr_sh
607 ## - ГЕОГРАФИЧЕСКОЕ НАИМЕНОВАНИЕ КАК ПРЕДМЕТ
Географическое наименование Хатынь, деревня (Белоруссия)
Код системы nlr_sh
686 ## - ИНДЕКСЫ ДРУГИХ КЛАССИФИКАЦИЙ
Индекс Щ963(2Р=Р)Фп
Издание LBC/SL
Код системы
700 #1 - ИМЯ ЛИЦА - ПЕРВИЧНАЯ ОТВЕТСТВЕННОСТЬ
Системный номер авторитетной/нормативной записи z01790
Начальный элемент ввода Сирман
Часть имени, кроме начального элемента ввода А. В.
Даты 1957-
Расширение инициалов личного имени Алексей Викторович
Код отношения Композитор
Графика поля Кириллица
702 #1 - ИМЯ ЛИЦА - ВТОРИЧНАЯ ОТВЕТСТВЕННОСТЬ
Системный номер авторитетной/нормативной записи z04790
Начальный элемент ввода Кончаловская
Часть имени, кроме начального элемента ввода Н. П.
Даты 1903-1988
Расширение инициалов личного имени Наталья Петровна
Код отношения Лирик
702 #1 - ИМЯ ЛИЦА - ВТОРИЧНАЯ ОТВЕТСТВЕННОСТЬ
Начальный элемент ввода Осипова
Часть имени, кроме начального элемента ввода В. Д.
Дополнения к именам, кроме дат музыковед
Расширение инициалов личного имени Валентина Дмитриевна
Код отношения Автор послесловия, колофона и т.п.
790 #1 - ИМЯ ЛИЦА - АЛЬТЕРНАТИВНАЯ ФОРМА
Системный номер авторитетной/нормативной записи z01700
Начальный элемент ввода Sirman
Часть имени, кроме начального элемента ввода A. V.
Даты 1957-
Расширение инициалов личного имени Alexey Viktorovich
Код отношения Композитор
790 #1 - ИМЯ ЛИЦА - АЛЬТЕРНАТИВНАЯ ФОРМА
Системный номер авторитетной/нормативной записи z04702
Начальный элемент ввода Konchalovskaya
Часть имени, кроме начального элемента ввода N. P.
Даты 1903-1988
Расширение инициалов личного имени Natalya Petrovna
Код отношения Лирик
790 #1 - ИМЯ ЛИЦА - АЛЬТЕРНАТИВНАЯ ФОРМА
Системный номер авторитетной/нормативной записи z05702
Начальный элемент ввода Osipova
Часть имени, кроме начального элемента ввода V. D.
Расширение инициалов личного имени Valentina Dmitriyevna
Код отношения Автор послесловия, колофона и т.п.
801 #0 - ИСТОЧНИК ЗАПИСИ
Страна Российская Федерация
Организация NLR
Дата составления 20140424
Правила каталогизации PSBO
801 #1 - ИСТОЧНИК ЗАПИСИ
Страна Российская Федерация
Организация NLR
Дата составления 20140424
Источник данных rusmarc
801 #2 - ИСТОЧНИК ЗАПИСИ
Страна Российская Федерация
Организация NLR
Дата составления 20151105
852 ## - МЕСТОНАХОЖДЕНИЕ И ШИФР ХРАНЕНИЯ
Идентификатор организации NLR
Наименование фонда или коллекции (Sub-Location Identifier) М
Шифр хранения (Call Number) 986/395
Страна
Номер экземпляра 1
942 ## - ДОПОЛНИТЕЛЬНЫЕ ЭЛЕМЕНТЫ ЗАПИСИ (АБИС)
Тип экземпляра АБИС Ноты
980 ## - КОЛЛЕКЦИЯ
Название коллекции Национальная библиография
980 ## - КОЛЛЕКЦИЯ
Название коллекции Отдел нот и звукозаписей
Экземпляры
Тип экземпляра Дата поступления Библиотека постоянного хранения Библиотека текущего хранения Место хранения Шифр хранения Статус экземпляра
Ноты 24.04.2014 РНБ (Московский) РНБ (Московский) Фонд нот и звукозаписей 986/395 986/395